Kőrösi lelkiismeretes munkát ígér
Elmentve itt :
| Szerző: | |
|---|---|
| Dokumentumtípus: | Cikk |
| Megjelent: |
2010-10-16
|
| Sorozat: | Délmagyarország
100 No. 242 |
| Kulcsszavak: | Kőrösi Tibor, Csongrád (város), Közgyűlés, Eseménynaptár Csongrád (város) 2010. 10. |
| Online Access: | http://dmarchiv.bibl.u-szeged.hu/143575 |
| LEADER | 00540nab a2200157 i 4500 | ||
|---|---|---|---|
| 001 | delm143575 | ||
| 005 | 20200204134959.0 | ||
| 008 | 200204s2010 hu o 0|| hun d | ||
| 040 | |a SZTE Délmagyarország Archívum |b hun | ||
| 041 | |a hun | ||
| 100 | 1 | |a Bíró Dániel | |
| 245 | 1 | 0 | |a Kőrösi lelkiismeretes munkát ígér |h [elektronikus dokumentum] / |c Bíró Dániel |
| 260 | |c 2010-10-16 | ||
| 300 | |a 4 | ||
| 490 | 0 | |a Délmagyarország |v 100 No. 242 | |
| 695 | |a Kőrösi Tibor, Csongrád (város), Közgyűlés, Eseménynaptár Csongrád (város) 2010. 10. | ||